|
|
|
|
| LEADER |
00000nam0a2200000 4500 |
| 001 |
670920 |
| 005 |
20240802092417.0 |
| 010 |
|
|
|a 5-94089-040-1
|
| 090 |
|
|
|a 670920
|
| 100 |
|
|
|a 20240227d2004 k||y0rusy50 ca
|
| 101 |
0 |
|
|a rus
|
| 102 |
|
|
|a RU
|
| 105 |
|
|
|a y z 001yy
|
| 181 |
|
0 |
|a i
|b e
|
| 182 |
|
0 |
|a n
|
| 183 |
|
0 |
|a nc
|2 RDAcarrier
|
| 200 |
1 |
|
|a Катионоактивные ПАВ - эффективные ингибиторы в технологических процессах нефтегазовой промышленности
|f Н. А. Петров, Б. С. Измухамбетов, Ф. А. Агзамов, Н. А. Ногаев
|g под ред. Ф. А. Агзамова
|
| 203 |
|
|
|a Текст
|b визуальный
|c непосредственный
|
| 210 |
|
|
|a Санкт-Петербург
|c Недра
|d 2004
|
| 215 |
|
|
|a 406 с.
|
| 283 |
|
|
|a volume
|2 RDAcarrier
|
| 320 |
|
|
|a Литература в конце глав
|
| 330 |
|
|
|a Обосновано применение катионных ПАВ в качестве ингибирующих флокулирующих, гидрофобизирующих и поверхностно-активных добавок в технологические растворы для вскрытия полимиктовых коллекторов. ыявлены и объяснены сопутствующие положительные моменты влияния катионных ПАВ на технологические процессы бурения скважин. Описан опыт борьбы с отложениями парафинов и АСПО с использованием катионных ПАВ. Проведены успешные испытания разработанных модифицированных составов и технологии на месторождениях Западной Сибири. Для научных и инженерно-технических работников, специализирующихся в области бурения и эксплуатации нефтяных скважин, а также студентов нефтяных вузов.
|
| 606 |
1 |
|
|a Поверхностно-активные вещества
|x Применение в нефтедобыче
|9 79381
|
| 610 |
1 |
|
|a классификация
|
| 610 |
1 |
|
|a ингибиторы
|
| 610 |
1 |
|
|a скважины
|
| 610 |
1 |
|
|a бурение
|
| 610 |
1 |
|
|a солянокислотная обработка
|
| 610 |
1 |
|
|a ингибирование
|
| 610 |
1 |
|
|a исследование
|
| 610 |
1 |
|
|a нефть
|
| 610 |
1 |
|
|a подготовка
|
| 610 |
1 |
|
|a сбор
|
| 610 |
1 |
|
|a асфальтосмолопарафиновые отложения
|
| 610 |
1 |
|
|a борьба
|
| 610 |
1 |
|
|a амины
|
| 610 |
1 |
|
|a растворители
|
| 610 |
1 |
|
|a использование
|
| 675 |
|
|
|a 622.276.64
|v 4
|
| 701 |
|
1 |
|a Петров
|b Н. А.
|g Николай Александрович
|
| 701 |
|
1 |
|a Измухамбетов
|b Б. С.
|g Бактыкожа Салахатдинович
|
| 701 |
|
1 |
|a Агзамов
|b Ф. А.
|g Фарит Акрамович
|
| 701 |
|
1 |
|a Ногаев
|b Н. А.
|g Нурлан Аскарович
|
| 702 |
|
1 |
|4 340
|a Агзамов
|b Ф. А.
|g Фарит Акрамович
|
| 801 |
|
0 |
|a RU
|b 63413507
|c 20240227
|
| 942 |
|
|
|c BK
|